000 01461nam a22003377a 4500
999 _c23589
_d23589
003 AR-CdUCM
008 260401b2024 pe ||||| |||| 00| 0 spa d
020 _aN° 978-612-03-0250-7
040 _aMUNICIPALIDAD PROVINCIAL DEL CUSCO
_cBIBLIOTECA MUNICIPAL DEL CUSCO
041 _hspa
082 _a515.2 /
_bV39
100 _aVelásquez Ayma, Álvaro
_950514
245 _aCálculo Diferencial de una Variable :
_bUna Introducción con Aplicaciones /
260 _aCusco - Perú :
_bVelásquez Ayma, Álvaro,
_c2024.
300 _a162 Páginas. :
_bGráficos
_c20 x 30 cm.
500 _zPágina 162
505 _aContenido: 1. Límites de funciones reales -- Introducción -- Importancia -- Unicidad -- Problemas propuestos -- Resueltos -- 2. Continuidad -- 3. Derivadas -- Pasos para derivar 4. Aplicaciones de la derivada -- Comportamiento de la curva de una función real -- Recta tangente y normal -- Puntos críticos -- Criterios de la concavidad....
650 _aIdea del límite
_952508
650 _aCáculo
_952509
650 _aDiferencia de cuadros
_952510
650 _aLímites al infinito
_952511
650 _aDerivadas
_952512
650 _aRepresentación Geométrica
_952513
650 _aValores Máximos
_952514
650 _aMínimos
_952515
650 _aFunciones
_920052
700 _aQuispe Solís, Héctor
_952516
700 _aHumpire Castillo, Jesús Efraín
_950511
942 _2ddc
_cLIBROS
945 _ajmcs
_d01/04/2026